[Event "Copenhagen Ch"]
[Site "Copenhagen"]
[Date "2003.02.12"]
[Round "7"]
[White "Olsen, Miriam Frida"]
[Black "Jensen, Kim Roper"]
[Result "1-0"]
[WhiteElo "1895"]
[BlackElo "1790"]
[PlyCount "79"]
[EventDate "2003.02.07"]
[EventType "swiss"]
[EventRounds "9"]
[EventCountry "DEN"]

1. e4 c5 2. Nf3 Nc6 3. d4 cxd4 4. Nxd4 Nf6 5. Nc3 e5 6. Ndb5 d6 7. Bg5 a6 8.
Na3 b5 9. Bxf6 gxf6 10. Nd5 f5 11. Bd3 Be6 12. O-O f4 13. c4 Rg8 14. Kh1 Rg6
15. Rg1 Rh6 16. g3 Rh3 17. Bf1 Rh6 18. cxb5 Nd4 19. Nxf4 Qf6 20. Nxe6 Nf3 21.
Rg2 fxe6 22. Be2 Ng5 23. bxa6 Nh3 24. Bb5+ Kf7 25. Qe2 d5 26. Bc6 Rxa6 27. exd5
Bxa3 28. bxa3 Rxa3 29. Rb1 Kf8 30. d6 Rc3 31. Bb7 Qg5 32. f4 exf4 33. Qd2 Qf5
34. Rd1 f3 35. Qxh6+ Ke8 36. d7+ Kd8 37. Qh4+ Ng5 38. Rf2 e5 39. Qa4 Nh3 40.
Qa8+ 1-0

[Event "Copenhagen Ch"]
[Site "Copenhagen"]
[Date "2003.02.08"]
[Round "2"]
[White "Olsen, Miriam Frida"]
[Black "Aabling Thomsen, Jakob"]
[Result "1-0"]
[WhiteElo "1895"]
[BlackElo "2181"]
[PlyCount "89"]
[EventDate "2003.02.07"]
[EventType "swiss"]
[EventRounds "9"]
[EventCountry "DEN"]

1. e4 c5 2. Nf3 Nf6 3. Nc3 Nc6 4. d4 d5 5. exd5 Nxd5 6. Bc4 Nxc3 7. bxc3 e6 8.
O-O Be7 9. Bf4 O-O 10. Qd2 b6 11. Rfe1 Bb7 12. Rad1 Bf6 13. Ne5 Rc8 14. Bf1 Na5
15. Re3 Qd5 16. Rg3 Rfd8 17. Ng4 Kf8 18. Bh6 Ke7 19. Ne3 Qxa2 20. Bxg7 Bxg7 21.
Rxg7 cxd4 22. Nf5+ exf5 23. Qg5+ Ke6 24. Re1+ Be4 25. f3 Qd5 26. fxe4 fxe4 27.
Qf4 e3 28. cxd4 Kd7 29. Rxf7+ Kc6 30. c3 Rd6 31. Rxe3 Rc7 32. Rf5 Qb3 33. Bb5+
Kb7 34. Qxd6 Qb1+ 35. Rf1 Qxb5 36. Re7 Rxe7 37. Qxe7+ Ka6 38. Rf7 Qb1+ 39. Kf2
Nc4 40. Qxa7+ Kb5 41. Qd7+ Ka6 42. Qc8+ Kb5 43. Rf5+ Ka4 44. Qxc4+ Ka3 45. Qb4+
1-0

[Event "Copenhagen Ch"]
[Site "Copenhagen"]
[Date "2003.02.09"]
[Round "4"]
[White "Olsen, Miriam Frida"]
[Black "Hansen, Flemming Haupt"]
[Result "1/2-1/2"]
[WhiteElo "1895"]
[BlackElo "2150"]
[PlyCount "101"]
[EventDate "2003.02.07"]
[EventType "swiss"]
[EventRounds "9"]
[EventCountry "DEN"]

1. e4 d5 2. exd5 Qxd5 3. Nc3 Qa5 4. d4 Nf6 5. Nf3 Bf5 6. Bc4 e6 7. Bd2 c6 8.
Qe2 Qc7 9. O-O-O Nbd7 10. Ne5 Bd6 11. Rhe1 Nb6 12. Bb3 O-O-O 13. h3 Bxe5 14.
dxe5 Nfd5 15. f4 h5 16. Ne4 Bxe4 17. Qxe4 g6 18. Re2 c5 19. c4 Ne7 20. Be3
Rxd1+ 21. Bxd1 Nf5 22. Bf2 Rd8 23. Rd2 Rxd2 24. Kxd2 Qd7+ 25. Ke2 h4 26. Qd3
Qc6 27. Kf1 Nd7 28. Bf3 Qa4 29. Qb3 Qxb3 30. axb3 g5 31. fxg5 Nxe5 32. Bxc5
Ng3+ 33. Kg1 Nxf3+ 34. gxf3 Ne2+ 35. Kh2 b6 36. Bf2 Kd7 37. Bxh4 Nd4 38. Kg2
Nxb3 39. Be1 e5 40. Bc3 Ke6 41. Kf2 Kf5 42. h4 Nc5 43. Ke3 a5 44. b4 axb4 45.
Bxb4 Ne6 46. Be7 Nf4 47. Kf2 Ng6 48. Bd8 Nxh4 49. Bxb6 Kxg5 50. c5 Kf5 51. Kg3
1/2-1/2

[Event "Copenhagen Ch"]
[Site "Copenhagen"]
[Date "2003.02.12"]
[Round "7"]
[White "Paaske, Asger"]
[Black "Petersen, Steen"]
[Result "1-0"]
[WhiteElo "2117"]
[BlackElo "2110"]
[PlyCount "83"]
[EventDate "2003.02.07"]
[EventType "swiss"]
[EventRounds "9"]
[EventCountry "DEN"]

1. e4 e5 2. Nf3 Nc6 3. d4 exd4 4. Bc4 Nf6 5. e5 Ne4 6. O-O d5 7. Bb5 Bd7 8.
Bxc6 bxc6 9. Nxd4 Bc5 10. Be3 O-O 11. f3 Ng5 12. f4 Ne4 13. Nd2 Nxd2 14. Qxd2
Bb6 15. Nb3 Qe7 16. Qc3 f6 17. Bc5 Bxc5+ 18. Nxc5 fxe5 19. fxe5 Bf5 20. Rae1
Rae8 21. b4 Qh4 22. Qd2 Qc4 23. c3 Rxe5 24. h3 Rxe1 25. Qxe1 d4 26. Qe5 dxc3
27. Rxf5 Rxf5 28. Qxf5 c2 29. Qc8+ Kf7 30. Qxc7+ Kf6 31. Qd6+ Kf7 32. Qd7+ Kf6
33. Qxc6+ Ke5 34. Qc7+ Kd4 35. Qxg7+ Ke3 36. Qh6+ Ke2 37. Nb3 Qxb4 38. Qh5+ Ke1
39. Qe5+ Kd1 40. Qa1+ Ke2 41. Qf1+ Ke3 42. Qf3# 1-0

[Event "Copenhagen Ch"]
[Site "Copenhagen"]
[Date "2003.02.14"]
[Round "9"]
[White "Paaske, Asger"]
[Black "Brondum, Eric"]
[Result "1/2-1/2"]
[WhiteElo "2117"]
[BlackElo "2212"]
[PlyCount "35"]
[EventDate "2003.02.07"]
[EventType "swiss"]
[EventRounds "9"]
[EventCountry "DEN"]

1. e4 g6 2. d4 Bg7 3. Nc3 c6 4. Bc4 d6 5. Qf3 e6 6. Nge2 b5 7. Bb3 a5 8. a3 Ba6
9. O-O Nd7 10. Bf4 Qe7 11. e5 d5 12. Nd1 a4 13. Ba2 h5 14. Qe3 Nh6 15. Bg5 Nf5
16. Qd2 Qxg5 17. Qxg5 Bh6 18. Qxh6 1/2-1/2

[Event "Copenhagen Ch"]
[Site "Copenhagen"]
[Date "2003.02.10"]
[Round "5"]
[White "Paaske, Asger"]
[Black "Kaaber Hansen, Jacob"]
[Result "1/2-1/2"]
[WhiteElo "2117"]
[BlackElo "2022"]
[PlyCount "89"]
[EventDate "2003.02.07"]
[EventType "swiss"]
[EventRounds "9"]
[EventCountry "DEN"]

1. e4 c6 2. d4 d5 3. Nc3 dxe4 4. Nxe4 Bf5 5. Ng3 Bg6 6. h4 h6 7. Nh3 e6 8. Nf4
Bh7 9. Bc4 Nf6 10. O-O Bd6 11. Ngh5 Nxh5 12. Nxh5 O-O 13. Qg4 Bg6 14. Nxg7 Kxg7
15. h5 Qf6 16. Bd3 Nd7 17. Bd2 c5 18. Bc3 cxd4 19. Bxd4 Be5 20. c3 Bxd4 21.
cxd4 Qg5 22. Qxg5 hxg5 23. hxg6 f5 24. Rfe1 Rf6 25. Rac1 Nb6 26. Rc7+ Kxg6 27.
Rxb7 Rd8 28. Rxa7 Rxd4 29. Bc2 Rd2 30. Bb3 Nd5 31. Ra6 Nf4 32. Bc4 Rxb2 33. a4
g4 34. Bf1 e5 35. Rxf6+ Kxf6 36. Ra1 e4 37. a5 Rb7 38. a6 Ra7 39. Rb1 Nd3 40.
Ra1 Ke5 41. Bxd3 exd3 42. Kf1 Kd4 43. g3 Kc3 44. Ke1 Rh7 45. Ra3+ 1/2-1/2

[Event "Copenhagen Ch"]
[Site "Copenhagen"]
[Date "2003.02.07"]
[Round "1"]
[White "Paaske, Asger"]
[Black "Christensen, Aage"]
[Result "0-1"]
[WhiteElo "2117"]
[BlackElo "2005"]
[PlyCount "44"]
[EventDate "2003.02.07"]
[EventType "swiss"]
[EventRounds "9"]
[EventCountry "DEN"]

1. e4 c5 2. c3 d5 3. exd5 Qxd5 4. d4 e5 5. dxe5 Qxe5+ 6. Be3 Nf6 7. Nf3 Qd5 8.
Nbd2 Be7 9. Bc4 Qd8 10. Qb3 O-O 11. Ne5 Nc6 12. Bxf7+ Kh8 13. Nxc6 bxc6 14. Nf3
Nd5 15. Bxd5 cxd5 16. Rd1 Be6 17. O-O Rb8 18. Qa4 Rxb2 19. Qxa7 Rxf3 20. gxf3
Bh3 21. Bxc5 Qe8 22. Kh1 Qf8 0-1

[Event "Copenhagen Ch"]
[Site "Copenhagen"]
[Date "2003.02.09"]
[Round "3"]
[White "Paaske, Asger"]
[Black "Hedegaard, Erik"]
[Result "1-0"]
[WhiteElo "2117"]
[BlackElo "1487"]
[PlyCount "65"]
[EventDate "2003.02.07"]
[EventType "swiss"]
[EventRounds "9"]
[EventCountry "DEN"]

1. e4 d6 2. d4 g6 3. Bd3 Bg7 4. c3 Nf6 5. f4 c5 6. Nf3 cxd4 7. cxd4 Nbd7 8. Nc3
O-O 9. O-O e6 10. Kh1 d5 11. e5 Ne8 12. Qe1 Nb8 13. Qg3 Nc6 14. h4 f5 15. Be3
Ne7 16. Qh3 Nc7 17. Ne2 Qe8 18. Rac1 Qd7 19. h5 gxh5 20. Ng3 Ng6 21. Nxh5 Ne8
22. Rg1 Rf7 23. Ng5 Bf8 24. Nxf7 Qxf7 25. g4 Be7 26. gxf5 exf5 27. Rxc8 Rxc8
28. Bxf5 Rc6 29. e6 Qf8 30. Bxg6 hxg6 31. Rxg6+ Kh7 32. f5 Rxe6 33. Nf6# 1-0

[Event "Copenhagen Ch"]
[Site "Copenhagen"]
[Date "2003.02.08"]
[Round "2"]
[White "Pallesen, Jacob"]
[Black "Pilgaard, Kim"]
[Result "0-1"]
[WhiteElo "2092"]
[BlackElo "2437"]
[PlyCount "62"]
[EventDate "2003.02.07"]
[EventType "swiss"]
[EventRounds "9"]
[EventCountry "DEN"]

1. d4 Nf6 2. c4 e6 3. Nc3 Bb4 4. Bg5 c5 5. d5 d6 6. e3 exd5 7. cxd5 Nbd7 8. Bb5
a6 9. Bxd7+ Bxd7 10. Qf3 h6 11. Bxf6 Qxf6 12. Qxf6 gxf6 13. Nge2 f5 14. Kd2 Ba5
15. h3 Rg8 16. g4 Ke7 17. Nf4 b5 18. a3 fxg4 19. hxg4 Bxg4 20. Rxh6 Rh8 21.
Rxh8 Rxh8 22. b3 Rh2 23. Rf1 Bf5 24. Nd3 Be4 25. Kc2 Bxc3 26. Kxc3 Bxd5 27. Rg1
Bxb3 28. Nxc5 dxc5 29. Kxb3 Rxf2 30. a4 Rf3 31. Re1 Ke6 0-1

[Event "Copenhagen Ch"]
[Site "Copenhagen"]
[Date "2003.02.11"]
[Round "6"]
[White "Pallesen, Jacob"]
[Black "Hansen, Flemming Haupt"]
[Result "0-1"]
[WhiteElo "2092"]
[BlackElo "2150"]
[PlyCount "80"]
[EventDate "2003.02.07"]
[EventType "swiss"]
[EventRounds "9"]
[EventCountry "DEN"]

1. d3 d5 2. f4 g6 3. Nf3 Bg7 4. g3 c6 5. Bg2 Bg4 6. c3 h5 7. Be3 Nh6 8. Qb3 Qc7
9. Bf2 O-O 10. Nbd2 Nd7 11. h3 Bxf3 12. Nxf3 e5 13. fxe5 Nxe5 14. O-O-O Rfd8
15. Rhg1 b5 16. Nxe5 Bxe5 17. Bf3 a5 18. g4 hxg4 19. hxg4 Bf4+ 20. Kb1 Re8 21.
c4 bxc4 22. dxc4 Rab8 23. Qc3 dxc4 24. Qxc4 Rb4 25. Qxc6 Qxc6 26. Bxc6 Rxe2 27.
Rd8+ Kg7 28. Bd4+ Be5 29. Bxe5+ Rxe5 30. g5 Ng4 31. Rd5 Re2 32. b3 Ne5 33. Bb5
Re3 34. Kc2 Nf3 35. Rgd1 Rg4 36. Bc4 Rg2+ 37. Kb1 Nxg5 38. Rxa5 Ne4 39. Rc1 g5
40. b4 Nd2+ 0-1

[Event "Copenhagen Ch"]
[Site "Copenhagen"]
[Date "2003.02.09"]
[Round "4"]
[White "Pallesen, Jacob"]
[Black "Aabling Thomsen, Jakob"]
[Result "0-1"]
[WhiteElo "2092"]
[BlackElo "2181"]
[PlyCount "98"]
[EventDate "2003.02.07"]
[EventType "swiss"]
[EventRounds "9"]
[EventCountry "DEN"]

1. d4 Nf6 2. Nf3 e6 3. Bg5 h6 4. Bh4 b6 5. e3 Bb7 6. c4 d6 7. Nc3 Nbd7 8. Be2
g5 9. Bg3 Bg7 10. h3 O-O 11. O-O Ne4 12. Nxe4 Bxe4 13. Nd2 Bb7 14. Rc1 a5 15.
Bf3 Bxf3 16. Nxf3 f5 17. b3 Qe7 18. a3 h5 19. Ne1 g4 20. Nd3 h4 21. Bh2 Qg5 22.
Kh1 Rad8 23. Nf4 Rde8 24. d5 e5 25. Ne6 Rxe6 26. dxe6 Nc5 27. Qd5 Qe7 28. b4
axb4 29. axb4 Nxe6 30. c5 bxc5 31. bxc5 dxc5 32. hxg4 fxg4 33. Qe4 Qg5 34. f4
Qh5 35. f5 Ng5 36. Qd5+ Kh7 37. Bxe5 g3 38. f6 h3 39. Bxg3 hxg2+ 40. Kxg2 Qh3+
41. Kg1 Qxg3+ 42. Qg2 Qxe3+ 43. Kh1 Rxf6 44. Qc2+ Kh8 45. Rxf6 Bxf6 46. Qxc5
Qf3+ 47. Kh2 Qf4+ 48. Kh1 Qe4+ 49. Kh2 Be5+ 0-1

[Event "Copenhagen Ch"]
[Site "Copenhagen"]
[Date "2003.02.13"]
[Round "8"]
[White "Pallesen, Jacob"]
[Black "Hansen, Soren Moller"]
[Result "1-0"]
[WhiteElo "2092"]
[BlackElo "1782"]
[PlyCount "71"]
[EventDate "2003.02.07"]
[EventType "swiss"]
[EventRounds "9"]
[EventCountry "DEN"]

1. e4 g6 2. d4 Bg7 3. Nc3 d6 4. Be3 Nf6 5. Qd2 O-O 6. f3 c6 7. Bd3 b5 8. Nge2
a5 9. Bh6 Na6 10. h4 e5 11. dxe5 dxe5 12. Ng3 Nc5 13. Bxg7 Kxg7 14. h5 Be6 15.
Qg5 Nfd7 16. Qe3 g5 17. h6+ Kh8 18. Nf5 Bxf5 19. exf5 f6 20. O-O-O Qb6 21. Rhe1
b4 22. Ne4 b3 23. cxb3 a4 24. Nxc5 Nxc5 25. Kb1 a3 26. Rc1 Nd7 27. Qxb6 Nxb6
28. Rxc6 Nd5 29. Be4 Nf4 30. g3 Nh5 31. g4 Nf4 32. Rd1 Ne2 33. Rd7 Rac8 34.
Rxc8 Rxc8 35. bxa3 Nc3+ 36. Kb2 1-0

[Event "Copenhagen Ch"]
[Site "Copenhagen"]
[Date "2003.02.10"]
[Round "5"]
[White "Petersen, Nils"]
[Black "Ohayv, Nikolaj"]
[Result "1-0"]
[WhiteElo "2024"]
[BlackElo "1704"]
[PlyCount "147"]
[EventDate "2003.02.07"]
[EventType "swiss"]
[EventRounds "9"]
[EventCountry "DEN"]

1. c4 e5 2. Nc3 Nf6 3. e3 d5 4. d4 exd4 5. exd4 Be6 6. cxd5 Nxd5 7. Nf3 Be7 8.
Be2 O-O 9. O-O c6 10. Ne5 Nd7 11. f4 Nxe5 12. dxe5 Qb6+ 13. Kh1 Nxc3 14. bxc3
Rfd8 15. Qc2 g6 16. Bd3 Qc5 17. a4 Bc4 18. Ba3 Bxd3 19. Bxc5 Bxc2 20. Bxe7 Rd3
21. Rfc1 Rxc3 22. Ra2 Bb3 23. Rxc3 Bxa2 24. Kg1 Bd5 25. g4 a6 26. a5 Re8 27.
Bd6 Rc8 28. Kf2 Rd8 29. Ke3 Rd7 30. Kd4 Be6 31. Rg3 Bd5 32. Kc5 Be4 33. h4 h6
34. f5 Bd5 35. Re3 Rd8 36. e6 fxe6 37. fxe6 Re8 38. e7 Kf7 39. Re2 g5 40. hxg5
hxg5 41. Kb6 c5 42. Kxc5 Bc6 43. Rf2+ Kg6 44. Rf8 Bd7 45. Kb6 Bc6 46. Kc7 Kg7
47. Be5+ Kg6 48. Kd6 Bb5 49. Rf6+ Kg7 50. Rf5+ Kg6 51. Bc3 Bd3 52. Kd7 Ra8 53.
Rd5 Bb5+ 54. Rxb5 axb5 55. e8=Q+ Rxe8 56. Kxe8 Kh7 57. Kd7 Kg6 58. Kc7 Kf7 59.
Kxb7 Ke6 60. a6 Kd5 61. a7 Kc4 62. Bf6 b4 63. a8=Q b3 64. Qa4+ Kc5 65. Qxb3 Kd6
66. Qe3 Kd5 67. Qe5+ Kc4 68. Kb6 Kd3 69. Kc5 Kc2 70. Qc3+ Kd1 71. Qb2 Ke1 72.
Kd4 Kd1 73. Kd3 Ke1 74. Qe2# 1-0

[Event "Copenhagen Ch"]
[Site "Copenhagen"]
[Date "2003.02.07"]
[Round "1"]
[White "Petersen, Nils"]
[Black "Lund, Silas"]
[Result "0-1"]
[WhiteElo "2024"]
[BlackElo "2306"]
[PlyCount "62"]
[EventDate "2003.02.07"]
[EventType "swiss"]
[EventRounds "9"]
[EventCountry "DEN"]

1. c4 e6 2. e4 d5 3. exd5 exd5 4. d4 Nf6 5. Nf3 Nc6 6. c5 Bg4 7. Be2 Be7 8. O-O
O-O 9. Be3 Ne4 10. Nfd2 Bxe2 11. Qxe2 f5 12. f3 f4 13. fxe4 fxe3 14. Rxf8+ Qxf8
15. Nb3 Qf6 16. Qxe3 Nxd4 17. e5 Qh4 18. g3 Qg4 19. Na3 Nxb3 20. axb3 Qe4 21.
Qc3 d4 22. Qc4+ Kh8 23. e6 Qe3+ 24. Kg2 Rf8 25. Rf1 Qe4+ 26. Kg1 Rxf1+ 27. Kxf1
Qh1+ 28. Ke2 Qxh2+ 29. Kf3 Qh5+ 30. g4 Qh3+ 31. Ke4 Qe3+ 0-1

[Event "Copenhagen Ch"]
[Site "Copenhagen"]
[Date "2003.02.09"]
[Round "3"]
[White "Petersen, Nils"]
[Black "Nilsson, Nils Specht"]
[Result "0-1"]
[WhiteElo "2024"]
[BlackElo "2183"]
[PlyCount "112"]
[EventDate "2003.02.07"]
[EventType "swiss"]
[EventRounds "9"]
[EventCountry "DEN"]

1. c4 e5 2. Nc3 Nc6 3. e3 Nf6 4. d4 Bb4 5. a3 Bxc3+ 6. bxc3 O-O 7. Nf3 d6 8.
Be2 Bg4 9. O-O e4 10. Ne1 Bxe2 11. Qxe2 Qe7 12. f4 exf3 13. gxf3 Nd7 14. Kh1
Na5 15. Rg1 f5 16. Nd3 Nxc4 17. Nf4 Ncb6 18. c4 Rf7 19. Bd2 Nf8 20. d5 Re8 21.
a4 Nbd7 22. Rae1 Ne5 23. Bc3 Neg6 24. Nh3 Qh4 25. Kg2 Rfe7 26. Qd3 f4 27. e4
Ne5 28. Qe2 Rf7 29. Nf2 Rf6 30. Kh1 Rg6 31. Bxe5 Rxe5 32. Rg4 Rxg4 33. Nxg4 Re7
34. Qf2 Qxf2 35. Nxf2 Nd7 36. Nd3 g5 37. Rg1 Rg7 38. h4 h6 39. Kh2 Nb6 40. Nb2
Nd7 41. Nd3 Kf7 42. hxg5 hxg5 43. a5 Kf6 44. Rb1 b6 45. axb6 axb6 46. Kg2 Ne5
47. Nb2 g4 48. fxg4 Rxg4+ 49. Kf2 Rg3 50. Nd1 Nd3+ 51. Ke2 Ke5 52. Nc3 Kd4 53.
Nb5+ Kxe4 54. Nxc7 f3+ 55. Kf1 f2 56. Ke2 Re3+ 0-1

[Event "Copenhagen Ch"]
[Site "Copenhagen"]
[Date "2003.02.14"]
[Round "9"]
[White "Petersen, Nils"]
[Black "Christensen, Esben"]
[Result "1/2-1/2"]
[WhiteElo "2024"]
[BlackElo "2127"]
[PlyCount "125"]
[EventDate "2003.02.07"]
[EventType "swiss"]
[EventRounds "9"]
[EventCountry "DEN"]

1. c4 Nf6 2. Nf3 g6 3. d4 c5 4. Nc3 Bg7 5. e4 cxd4 6. Nxd4 d6 7. Be2 O-O 8. O-O
Nc6 9. Be3 a6 10. Qd2 Ng4 11. Bxg4 Bxg4 12. f3 Bd7 13. Nxc6 Bxc6 14. Bd4 b5 15.
cxb5 axb5 16. Nd5 Bxd5 17. Bxg7 Kxg7 18. Qxd5 Qb6+ 19. Kh1 Rfc8 20. Qd2 Rc5 21.
a3 Rac8 22. Rac1 Qc6 23. Qd4+ f6 24. Rxc5 Qxc5 25. Qxc5 Rxc5 26. Ra1 f5 27.
exf5 gxf5 28. b3 Rc3 29. a4 Rxb3 30. a5 Rc3 31. a6 Rc8 32. Kg1 b4 33. Kf2 b3
34. Ke3 b2 35. Rb1 Ra8 36. Rxb2 Rxa6 37. Rb7 Kf6 38. g4 fxg4 39. fxg4 h6 40. h4
Ra3+ 41. Kf2 Rh3 42. h5 Rc3 43. Rb8 Kg5 44. Rg8+ Kf4 45. Rg7 e5 46. Rg6 d5 47.
Rxh6 Kxg4 48. Rg6+ Kxh5 49. Re6 e4 50. Re5+ Kg4 51. Rxd5 Kf4 52. Rh5 Rc2+ 53.
Ke1 Rg2 54. Rh3 Ra2 55. Rb3 Ra1+ 56. Ke2 Rg1 57. Ra3 Rg2+ 58. Ke1 Rb2 59. Rc3
Ke5 60. Ra3 Kd4 61. Rh3 Ra2 62. Rg3 e3 63. Rg8 1/2-1/2

[Event "Copenhagen Ch"]
[Site "Copenhagen"]
[Date "2003.02.12"]
[Round "7"]
[White "Petersen, Nils"]
[Black "Pallesen, Jacob"]
[Result "1/2-1/2"]
[WhiteElo "2024"]
[BlackElo "2092"]
[PlyCount "77"]
[EventDate "2003.02.07"]
[EventType "swiss"]
[EventRounds "9"]
[EventCountry "DEN"]

1. c4 f5 2. d4 Nf6 3. g3 g6 4. Bg2 Bg7 5. Nh3 d6 6. O-O O-O 7. d5 Bd7 8. Nc3
Na6 9. Nf4 Nc5 10. f3 a5 11. Nd3 Nxd3 12. Qxd3 e5 13. dxe6 Bxe6 14. b3 Nd7 15.
Bb2 Nc5 16. Qd2 a4 17. Nd5 Bxb2 18. Qxb2 Bxd5 19. cxd5 axb3 20. axb3 Qe7 21. b4
Qe3+ 22. Kh1 Rxa1 23. Rxa1 Na6 24. Ra3 Qf2 25. Ra1 Re8 26. Bf1 Qe3 27. Kg2 Kf7
28. Ra3 Qe5 29. Qxe5 Rxe5 30. e4 fxe4 31. Bxa6 bxa6 32. Rxa6 e3 33. Kf1 Rxd5
34. Ke2 Re5 35. Rc6 d5 36. Rxc7+ Ke6 37. Rc1 d4 38. Kd3 Rd5 39. b5 1/2-1/2

[Event "Copenhagen Ch"]
[Site "Copenhagen"]
[Date "2003.02.09"]
[Round "4"]
[White "Petersen, Steen"]
[Black "Naes, Flovin Tor"]
[Result "1/2-1/2"]
[WhiteElo "2110"]
[BlackElo "2283"]
[PlyCount "136"]
[EventDate "2003.02.07"]
[EventType "swiss"]
[EventRounds "9"]
[EventCountry "DEN"]

1. e4 e5 2. Nf3 Nc6 3. Bb5 Nf6 4. d3 Bc5 5. c3 d6 6. O-O O-O 7. Nbd2 a6 8. Ba4
b5 9. Bc2 Bb7 10. Re1 Ng4 11. Re2 Bb6 12. h3 Nf6 13. Nf1 d5 14. Bg5 d4 15. Ng3
h6 16. Bd2 Bc8 17. Re1 Re8 18. a4 Be6 19. Ne2 Nxe4 20. dxe4 d3 21. Bb3 dxe2 22.
Rxe2 Bxb3 23. Qxb3 Qd3 24. Ree1 Na5 25. Qa2 Nc4 26. b3 Nxd2 27. Qxd2 Qxd2 28.
Nxd2 Rad8 29. Rad1 Re6 30. Nf3 Rxd1 31. Rxd1 bxa4 32. Rd8+ Kh7 33. bxa4 f6 34.
Nh4 Rc6 35. Nf5 Rxc3 36. Rd7 Rc4 37. Rxg7+ Kh8 38. g4 Rxe4 39. Rf7 Re1+ 40. Kg2
Re2 41. Rf8+ Kh7 42. Rf7+ Kh8 43. Rxf6 Bxf2 44. Kf3 Ra2 45. Rxh6+ Kg8 46. Rxa6
Bb6 47. g5 Rf2+ 48. Kg4 Rf4+ 49. Kh5 Rxf5 50. Kg6 Rf8 51. a5 Bd4 52. Re6 Rd8
53. Re7 Rd6+ 54. Kf5 c5 55. Rc7 Rd8 56. h4 Rf8+ 57. Ke4 Rf4+ 58. Kd5 Rxh4 59.
a6 c4 60. Rxc4 Rf4 61. a7 Bxa7 62. Rc8+ Kg7 63. Rc7+ Kg6 64. Rxa7 Kf5 65. Rf7+
Kxg5 66. Re7 Rf5 67. Rxe5 Kf6 68. Rxf5+ Kxf5 1/2-1/2

[Event "Copenhagen Ch"]
[Site "Copenhagen"]
[Date "2003.02.11"]
[Round "6"]
[White "Petersen, Steen"]
[Black "Jensen, Lars Max"]
[Result "1/2-1/2"]
[WhiteElo "2110"]
[BlackElo "1742"]
[PlyCount "94"]
[EventDate "2003.02.07"]
[EventType "swiss"]
[EventRounds "9"]
[EventCountry "DEN"]

1. Nf3 Nf6 2. d4 d5 3. c4 c6 4. Nc3 e6 5. e3 Nbd7 6. Qc2 Bd6 7. g4 h6 8. Bd2 e5
9. cxd5 cxd5 10. Nb5 Qe7 11. Rc1 O-O 12. Nxd6 Qxd6 13. h3 Re8 14. Qc7 Qxc7 15.
Rxc7 e4 16. Ng1 Nf8 17. Bb5 Ne6 18. Bxe8 Nxc7 19. Ba4 a5 20. f3 Ra6 21. Rh2 b5
22. Bc2 b4 23. Ba4 Bd7 24. Bxd7 Nxd7 25. Rf2 Rf6 26. fxe4 dxe4 27. Rxf6 Nxf6
28. a3 bxa3 29. bxa3 a4 30. Ne2 Nb5 31. Bb4 Nd5 32. Kd2 Nb6 33. Ng3 Nc4+ 34.
Kc1 Ncxa3 35. Nxe4 Nc4 36. d5 a3 37. Kb1 Nxe3 38. d6 Nxd6 39. Bxd6 f5 40. gxf5
Nxf5 41. Bxa3 Kf7 42. Kc2 Kg6 43. Bc5 Kh5 44. Bf2 g5 45. Kd3 Kg6 46. Bb6 Ne7
47. Kd4 Kf5 1/2-1/2

[Event "Copenhagen Ch"]
[Site "Copenhagen"]
[Date "2003.02.13"]
[Round "8"]
[White "Petersen, Steen"]
[Black "Petersen, Nils"]
[Result "1/2-1/2"]
[WhiteElo "2110"]
[BlackElo "2024"]
[PlyCount "67"]
[EventDate "2003.02.07"]
[EventType "swiss"]
[EventRounds "9"]
[EventCountry "DEN"]

1. d4 Nf6 2. c4 e6 3. Nc3 Bb4 4. Qc2 c5 5. dxc5 O-O 6. a3 Bxc5 7. b4 Be7 8. e4
d6 9. Bd3 b6 10. f4 Nbd7 11. Nf3 e5 12. O-O Bb7 13. Nd5 Rc8 14. Nxe7+ Qxe7 15.
fxe5 Nxe5 16. Nxe5 dxe5 17. Bg5 Rc6 18. Qe2 h6 19. Be3 Nd7 20. Rad1 Rg6 21. Rf5
Nf6 22. c5 Ng4 23. cxb6 Nxe3 24. Qxe3 axb6 25. Bc4 Bc8 26. Rf2 Rd6 27. Rxd6
Qxd6 28. Qb3 Be6 29. Bxe6 fxe6 30. Rxf8+ Kxf8 31. Qc3 b5 32. Kf2 Ke7 33. Ke3
Qa6 34. Kf3 1/2-1/2

[Event "Copenhagen Ch"]
[Site "Copenhagen"]
[Date "2003.02.09"]
[Round "3"]
[White "Petersen, Steen"]
[Black "Christensen, Aage"]
[Result "1-0"]
[WhiteElo "2110"]
[BlackElo "2005"]
[PlyCount "131"]
[EventDate "2003.02.07"]
[EventType "swiss"]
[EventRounds "9"]
[EventCountry "DEN"]

1. e4 c5 2. Nf3 Nc6 3. Nc3 g6 4. d4 cxd4 5. Nxd4 Bg7 6. Be3 Nf6 7. f3 O-O 8.
Bc4 d6 9. Qd2 Bd7 10. O-O-O Rc8 11. Bb3 Ne5 12. h4 Nc4 13. Bxc4 Rxc4 14. h5
Nxh5 15. Nde2 Qa5 16. Kb1 Rxc3 17. Nxc3 Bxc3 18. Qxc3 Qxc3 19. bxc3 Ng3 20.
Rhe1 Be6 21. Rd4 Rc8 22. Kb2 b5 23. Bf2 Nh5 24. e5 d5 25. a4 a6 26. axb5 axb5
27. Ra1 Ng7 28. Ra5 Rb8 29. Rb4 Bd7 30. Ra7 Be8 31. Rxe7 Ne6 32. Ba7 Ra8 33.
Be3 Kf8 34. Rb7 h5 35. Rb6 Rc8 36. Rd6 Rd8 37. Ra6 Rc8 38. Ra5 Ke7 39. Ra7+ Rc7
40. Ra8 Bc6 41. Rb8 Kd7 42. R8xb5 Bxb5 43. Rxb5 Ke7 44. Rxd5 Rb7+ 45. Kc1 Nc7
46. Rd6 Ne6 47. Rd5 Nc7 48. Ra5 Ke6 49. c4 Kf5 50. Kd2 Ne6 51. Kd3 Nf4+ 52.
Bxf4 Kxf4 53. c3 Kg3 54. Ra2 Kf4 55. c5 Kxe5 56. Kc4 Ke6 57. c6 Rc7 58. Kc5 Rc8
59. Re2+ Kf6 60. Kb6 Ra8 61. c4 Rb8+ 62. Ka6 Rb4 63. Re4 Rb2 64. c7 Ra2+ 65.
Kb7 Rb2+ 66. Kc6 1-0

[Event "Copenhagen Ch"]
[Site "Copenhagen"]
[Date "2003.02.14"]
[Round "9"]
[White "Pilgaard, Kim"]
[Black "Carstensen, Jacob"]
[Result "1-0"]
[WhiteElo "2437"]
[BlackElo "2273"]
[PlyCount "99"]
[EventDate "2003.02.07"]
[EventType "swiss"]
[EventRounds "9"]
[EventCountry "DEN"]

1. e4 c5 2. Nf3 d6 3. d4 cxd4 4. Nxd4 Nf6 5. Nc3 a6 6. Bg5 e6 7. f4 Qb6 8. Qd2
Qxb2 9. Nb3 Qa3 10. Bxf6 gxf6 11. Be2 Nc6 12. O-O h5 13. Kh1 Qb4 14. Qe3 Qa3
15. Nb1 Qa4 16. Nc3 Qa3 17. Rfd1 Be7 18. Nb1 Qa4 19. a3 Nd8 20. Nc3 Qc6 21. e5
dxe5 22. fxe5 f5 23. Bf3 Qc7 24. Na4 Rb8 25. Nb6 Nc6 26. Nc4 Kf8 27. Rab1 Rh7
28. Rd3 Bd7 29. Nc5 Be8 30. Nd6 Nd8 31. Rdb3 Bxd6 32. exd6 Qxd6 33. Rb6 Qe7 34.
Nxb7 Nxb7 35. Rxb7 Rxb7 36. Rxb7 Qf6 37. h3 Bb5 38. c4 Ba4 39. c5 Kg7 40. c6
Rh8 41. c7 Rc8 42. Qf4 Qa1+ 43. Kh2 Qxa3 44. Rb8 Bd7 45. Qd4+ e5 46. Qxd7 Qc1
47. Qxc8 Qf4+ 48. g3 Qxf3 49. Qh8+ Kg6 50. Rg8# 1-0

[Event "Copenhagen Ch"]
[Site "Copenhagen"]
[Date "2003.02.07"]
[Round "1"]
[White "Pilgaard, Kim"]
[Black "Andersen, Niels Erik"]
[Result "1-0"]
[WhiteElo "2437"]
[BlackElo "2022"]
[PlyCount "69"]
[EventDate "2003.02.07"]
[EventType "swiss"]
[EventRounds "9"]
[EventCountry "DEN"]

1. e4 c6 2. d4 d5 3. exd5 cxd5 4. c4 e6 5. Nf3 Be7 6. c5 Bf6 7. Nc3 Bd7 8. Bd3
Ne7 9. O-O Nbc6 10. Nb5 Nc8 11. Bf4 g5 12. Bc7 Qe7 13. Re1 a6 14. Bd6 Nxd6 15.
Nc7+ Kf8 16. cxd6 Qxd6 17. Nxa8 Nxd4 18. Rc1 Nxf3+ 19. Qxf3 Bd8 20. Qg3 Qxg3
21. hxg3 Bc6 22. b4 h5 23. Bxa6 h4 24. gxh4 d4 25. Bf1 gxh4 26. b5 Bd5 27. Rc8
Ke7 28. a4 h3 29. Nb6 Bxg2 30. Bxg2 hxg2 31. Kxg2 Rh5 32. Nc4 Kd7 33. Ra8 Rc5
34. Ne5+ Ke7 35. Ra7 1-0

[Event "Copenhagen Ch"]
[Site "Copenhagen"]
[Date "2003.02.10"]
[Round "5"]
[White "Pilgaard, Kim"]
[Black "Lund, Silas"]
[Result "1-0"]
[WhiteElo "2437"]
[BlackElo "2306"]
[PlyCount "41"]
[EventDate "2003.02.07"]
[EventType "swiss"]
[EventRounds "9"]
[EventCountry "DEN"]

1. e4 e6 2. d4 d5 3. Nc3 Bb4 4. exd5 exd5 5. Bd3 Ne7 6. Qh5 c5 7. dxc5 Nbc6 8.
a3 Bxc3+ 9. bxc3 Qa5 10. Ne2 Be6 11. O-O Qxc5 12. Rb1 O-O-O 13. Rb5 Qd6 14. Bf4
Qd7 15. Rfb1 Ng6 16. Bg3 Bg4 17. Rxb7 Qxb7 18. Qxg4+ Rd7 19. Rxb7 Nge5 20.
Qxd7+ Nxd7 21. Rc7+ 1-0

[Event "Copenhagen Ch"]
[Site "Copenhagen"]
[Date "2003.02.11"]
[Round "6"]
[White "Pilgaard, Kim"]
[Black "Jakobsen, Ole"]
[Result "1/2-1/2"]
[WhiteElo "2437"]
[BlackElo "2377"]
[PlyCount "52"]
[EventDate "2003.02.07"]
[EventType "swiss"]
[EventRounds "9"]
[EventCountry "DEN"]

1. e4 d6 2. d4 g6 3. Nc3 Bg7 4. Be3 a6 5. f3 b5 6. Qd2 Nd7 7. Nh3 Bb7 8. a3 Rc8
9. O-O-O c5 10. dxc5 Nxc5 11. Kb1 Qc7 12. Nf2 Nf6 13. Bh6 Bxh6 14. Qxh6 Na4 15.
Rd3 d5 16. exd5 Nxd5 17. Nfd1 Naxc3+ 18. Nxc3 Qf4 19. Qxf4 Nxf4 20. Re3 e6 21.
h4 h5 22. g3 Nd5 23. Nxd5 Bxd5 24. Bd3 Ke7 25. Rhe1 Rhd8 26. f4 Bc4 1/2-1/2